000 02331nam0a2200385 i 4500
001 RU\NLR\bibl\1994437
005 20260409073035.0
010 _a9785767716821
_9200
021 _aRU
_b2013-931
_963
035 _a(NLR Aleph) 001982887
090 _a4115624
_c4115624
100 _a20130201d2012 k y0rusy50 ca
101 0 _arus
102 _aRU
105 _aac |||||||||
200 1 _aРоссия. Наука. Университет
_eсборник трудов Всероссийской 46-й научной студенческой конференции
_f[редкол.:... к.ф.-м.н., доц. В.В. Андреев (отв. ред.) и др.]
210 _aЧебоксары
_cИзд-во Чувашского университета
_d2012
215 _a503 с.
_cил., портр.
_d20
300 _aВ надзаг.: М-во образования и науки Рос. Федерации, Федер. гос. бюджет. образоват. учреждение высш. проф. образования "Чувашский гос. ун-т им. И.Н. Ульянова"
300 _aПосвящ. Году рос. истории и 45-летию Чувашского гос. ун-та им. И.Н. Ульянова
320 _aБиблиогр. в конце отд. тр.
606 1 _aТехника
_jСъезды, совещания и т.п.
_91247040
_3RU\NLR\auth\66510030
606 _aВысшие учебные заведения
_xНаучно-исследовательская работа студентов
_jСъезды, совещания и т.п.
_3RU\NLR\auth\661251857
_92076687
606 1 _aНаука
_jСъезды, совещания и т.п.
_91063426
_3RU\NLR\auth\6694640
686 _aЖ.я431(2)
686 _aЧ481.268я431
686 _aЧ21я431
702 1 _4340
_8rus
_7ca
_aАндреев
_bВ. В.
_cканд. филол. наук
_f1956-
_gВалерий Васильевич
_3RU\NLR\auth\7755488
_938420
712 0 2 _4570
_aЧувашский государственный университет им. И. Н. Ульянова
_cЧебоксары
_3RU\NLR\AUTH\8814249
_9301657
801 0 _aRU
_bNLR
_c20130201
_gRCR
801 1 _aRU
_bNLR
_c20130201
942 _cBOOK
980 _aNBR